| 000 | 00385nam a2200157Ia 4500 | ||
|---|---|---|---|
| 008 | 221030s9999 xx 000 0 und d | ||
| 020 | _a8120319524 | ||
| 041 | _aEnglish | ||
| 082 |
_a105.23 _bKal |
||
| 100 | _aS. Kal | ||
| 245 | 0 |
_aBasic Electronics Devices, Circuits & IT Fundamentals _cby S. Kal |
|
| 260 |
_bPHI _aNew Delhi _c2002 |
||
| 300 | _a575 | ||
| 650 | _aECE | ||
| 942 | _cBK | ||
| 999 |
_c8044 _d8044 |
||